000 01550nam a2200289Ia 4500
999 _c54158
_d54158
001 21214
003 GE_BSU
005 20210809142550.0
008 181216s2011||||ge |||||||||||||| || ||
020 _a9789941011917
040 _cGE_BSU
041 _ageo
080 _a336.74(075.8) ბ-37
100 _aბახტაძე, ლელა
_912376
245 _aთანამედროვე ფული და ფულის მიმოქცევა :
_bსახელმძღვ. /
_cლელა ბახტაძე, რევაზ კაკულია, ლაშა კანდელაკიშვილი ; რევაზ კაკულიას რედაქტორობით.
264 _aთბილისი :
_bთბილ. საერთაშ. უნ-ტი,
_c2010-2011.
300 _a320 გვ. ;
_c 20 სმ.
504 _aბიბლიოგრაფია ტექსტის შენიშვნებსა და გვ. : 315-316
541 _h22ლ.95თ.
653 _aეკონომიკა
653 _aფული. ფულის მიმოქცევა
700 _aკაკულია, რევაზ
_eავტორი
_9751
700 _aკანდელაკიშვილი, ლაშა
_eავტორი
_95342
700 _aკაკულია, რევაზ
_eრედაქტორი
_9751
710 _aთბილისის საერთაშორისო უნივერსიტეტი
_912377
942 _cBK
_2udc